| 000 -LEADER |
| fixed length control field |
01113nam a2200289Ia 4500 |
| 001 - CONTROL NUMBER |
| control field |
10570 |
| 003 - CONTROL NUMBER IDENTIFIER |
| control field |
GE_BSU |
| 005 - DATE AND TIME OF LATEST TRANSACTION |
| control field |
20221116144541.0 |
| 008 - FIXED-LENGTH DATA ELEMENTS--GENERAL INFORMATION |
| fixed length control field |
181216s1994||||enk|||||||||||||| ||eng|| |
| 020 ## - INTERNATIONAL STANDARD BOOK NUMBER |
| International Standard Book Number |
156079853x X |
| 040 ## - CATALOGING SOURCE |
| Transcribing agency |
GE_BSU |
| 041 ## - LANGUAGE CODE |
| Language code of text/sound track or separate title |
geo |
| 080 ## - UNIVERSAL DECIMAL CLASSIFICATION NUMBER |
| Universal Decimal Classification number |
378+369.25 378 L-44 |
| 245 ## - TITLE STATEMENT |
| Title |
Learning Disabilities:Or attention Deficit disorders / |
| Statement of responsibility, etc. |
Edited by : T. Chables ; Ed.D. Stephen S ; PH.D. Strichart. |
| 250 ## - EDITION STATEMENT |
| Edition statement |
Fifth Edition. |
| 264 ## - PRODUCTION, PUBLICATION, DISTRIBUTION, MANUFACTURE, AND COPYRIGHT NOTICE |
| Place of production, publication, distribution, manufacture |
New Jersey, |
| Date of production, publication, distribution, manufacture, or copyright notice |
1994. |
| 300 ## - PHYSICAL DESCRIPTION |
| Extent |
663 p .: |
| Dimensions |
17 cm. |
| Accompanying material |
CD-ROM. |
| 520 ## - SUMMARY, ETC. |
| Summary, etc. |
Printed in United States Of America |
| 653 ## - INDEX TERM--UNCONTROLLED |
| keyword |
Learning Disabilities:Or attention Deficit disorders |
| 653 ## - INDEX TERM--UNCONTROLLED |
| keyword |
სწავლის უნარ-ჩვევები: ანუ დეფიციტის დარღვევები |
| 653 ## - INDEX TERM--UNCONTROLLED |
| keyword |
პედაგოგიკა |
| 700 ## - ADDED ENTRY--PERSONAL NAME |
| Personal name |
Chables, T |
| Relator term |
რედაქტორი |
| 9 (RLIN) |
2101 |
| 700 ## - ADDED ENTRY--PERSONAL NAME |
| Personal name |
Mangrum.Ed.D |
| Relator term |
რედაქტორი |
| 9 (RLIN) |
2102 |
| 700 ## - ADDED ENTRY--PERSONAL NAME |
| Personal name |
Stephen, S |
| Relator term |
რედაქტორი |
| 9 (RLIN) |
2103 |
| 700 ## - ADDED ENTRY--PERSONAL NAME |
| Personal name |
Strichart,PH.D |
| Relator term |
რედაქტორი |
| 9 (RLIN) |
2104 |
| 942 ## - ADDED ENTRY ELEMENTS (KOHA) |
| Koha item type |
წიგნი |
| Source of classification or shelving scheme |
|